| 000 | 00876nam a22002537a 4500 | ||
|---|---|---|---|
| 001 | 4555 | ||
| 003 | FISKH | ||
| 005 | 20240916145057.0 | ||
| 008 | 240916b cb ||||| |||| 00| 0 eng d | ||
| 020 | _a9780439786614 | ||
| 040 |
_aFISKH _beng _cFISKH _dFISKH |
||
| 050 | _aPZ7.P2843 | ||
| 082 | _2813.54 | ||
| 100 |
_aPaulsen, Gary _d(1939–2021) |
||
| 245 |
_aThe crossing / _cGary Paulsen |
||
| 250 | _aThis edition first printing in 2006 | ||
| 260 |
_aNew York : _bScholastic, _c2006. |
||
| 300 |
_a117 pages : _c18cm |
||
| 520 | _aThirteen-year-old Manny, a street kid fighting for survival in a Mexican border town, develops a strange friendship with an emotionally disturbed American soldier who decides to help him get across the border. | ||
| 650 |
_2Immigration _aSurvival _vHomelessness |
||
| 650 |
_2Poverty _aAdventure |
||
| 942 |
_2ddc _cBK _n0 |
||
| 999 |
_c4555 _d4555 |
||